| 000 | 00307nam a2200121Ia 4500 | ||
|---|---|---|---|
| 008 | 240731s9999 xx 000 0 und d | ||
| 022 | _a2160-2565 | ||
| 245 | 0 | _aJournal of Area Studies : Series 1 | |
| 260 | _bRoutledge | ||
| 856 | _uhttps://www.tandfonline.com/loi/cjea17 | ||
| 942 | _2ddc | ||
| 942 | _cTFEJ | ||
| 999 |
_c77452 _d77452 |
||
| 945 |
_a1 _bMadushi Gamage _c1 _dMadushi Gamage |
||